000 00852nam a22002295i 4500
001 176226
003 ES-MaACL
005 20251120142812.0
008 101227s1956 sp |||| | spa d
080 _a821.134.2-31"15"
100 1 _aCervantes Saavedra, Miguel de,
_d1547-1616
_9226514
240 1 0 _aDon Quijote de la Mancha
245 1 3 _aEl ingenioso hidalgo Don Quijote de La Mancha /
_cCervantes ; edición y notas de Francisco Rodríguez Marín.
250 _a6ª ed.
260 _aMadrid :
_bEspasa-Calpe,
_c1956.
300 _a4 v. ;
_c20 cm.
490 1 _aClásicos castellanos ;
_v6, 8, 10, 19
700 1 _aRodríguez Marín, Francisco,
_d1855-1943
_998634
830 1 0 _aClásicos castellanos (Espasa-Calpe)
_v6, 8, 10, 19
_9183802
852 _aES-MaACL
_jE-13896-99
_z(Faltan v. 4, 13, 16, 22)
999 _c176226
_d176226